000 00512nam a2200181Ia 4500
005 20260429112029.0
008 260429s9999||||xx |||||||||||||| ||und||
020 _a9783031229251
041 _aEnglish
082 _a546
_bJOR
100 _aJordan, Robert B.
245 0 _aPrinciples of inorganic chemistry :
_bbasics and applications /
_cRobert B. Jordan
260 _aSwitzerland :
_bSpringer,
_c2024.
300 _axix, 937 p.; hb
650 _a Inorganic chemistry
650 _aChemistry
942 _cTB
999 _c51985
_d51985